00557nam a22001697a 450000500170000001000150001702000260003203500140005803700130007208200140008510000140009924500670011325000080018026000520018827001260024030000210036620241213115840.0 aENG-143020 c895.00a9789380318066 aEN-126552 bDBAD/PUB a361.3721 aRaj Kumar aVoluntary Organisation in Third World Countries/cby Raj Kumar a1st aNew DelhibNeha Publishers & Distributorsc2011 a4832/24, Prahlad Gali, S-204, Ansari Road, Darya Ganj,bNew Delhie110002k23278261k43570976mgauravbookcentre@gmail.com a227p.c22cm(hbk)